[Event "Malakhatko Memorial op"]
[Site "Chess.com INT"]
[Date "2023.06.14"]
[Round "8"]
[White "Gerasimenyk, Mihail"]
[Black "Kaliuzhny, Andrey"]
[Result "1-0"]
[WhiteElo "2136"]
[BlackElo "2157"]
[PlyCount "21"]
[EventDate "2023.06.14"]
[EventType "swiss (blitz)"]
[EventRounds "11"]
[EventCountry "USA"]
[SourceTitle "CBM 214 Extra"]
[Source "ChessBase"]
[SourceDate "2023.07.31"]
[SourceVersion "1"]
[SourceVersionDate "2023.07.31"]
[SourceQuality "1"]

1. d4 g6 2. Nf3 Bg7 3. Bg5 h6 4. Bh4 c5 5. e3 Nf6 6. c3 0-0 7. Nbd2 b6 8. Bd3 Bb7 9. Bxf6 Bxf6 10. h4 h5 11. Qc2 1-0

[Event "Kiev Spring op"]
[Site "Kiev"]
[Date "2023.03.27"]
[Round "3"]
[White "Mogylnyi, Pavlo"]
[Black "Kaliuzhny, Andrey"]
[Result "0-1"]
[WhiteElo "1665"]
[BlackElo "2195"]
[PlyCount "66"]
[EventDate "2023.03.25"]
[EventType "swiss"]
[EventRounds "9"]
[EventCountry "UKR"]
[SourceTitle "EXT 2024"]
[Source "ChessBase"]
[SourceDate "2023.10.10"]
[SourceVersion "1"]
[SourceVersionDate "2023.10.10"]
[SourceQuality "1"]

1. e4 e5 2. Nf3 d6 3. d4 Qe7 4. Nc3 c6 5. a4 Nf6 6. dxe5 dxe5 7. h3 Qc7 8. Bc4 h6 9. 0-0 Be7 10. b3 Nbd7 11. Bb2 Nb6 12. Bd3 Be6 13. Ne2 Nbd7 14. Ng3 0-0-0 15. a5 g5 16. Qe1 g4 17. hxg4 Nxg4 18. Nf5 Bxf5 19. exf5 h5 20. b4 a6 21. c4 Qd6 22. Qe2 Bf6 23. Rab1 e4 24. Bxe4 Rhe8 25. Qc2 Bxb2 26. Rxb2 Qf4 27. Re1 Nde5 28. Nxe5 Qh2+ 29. Kf1 Rxe5 30. Rb3 Qh1+ 31. Ke2 Qxg2 32. Rf3 Nxf2 33. Rxf2 Rxe4+ 0-1

[Event "UKR-ch qual"]
[Site "Alushta"]
[Date "2007.05.17"]
[Round "7"]
[White "Kaliuzhny, Andrey"]
[Black "Baryshpolets, Andrey"]
[Result "1/2-1/2"]
[WhiteElo "2204"]
[BlackElo "2305"]
[PlyCount "160"]
[EventDate "2007.05.11"]
[EventType "swiss"]
[EventRounds "9"]
[EventCountry "UKR"]
[SourceTitle "EXT 2008"]
[Source "ChessBase"]
[SourceDate "2007.11.25"]
[SourceVersion "1"]
[SourceVersionDate "2007.11.25"]
[SourceQuality "1"]

1. e4 c5 2. Nf3 d6 3. d3 Nc6 4. g3 g6 5. Bg2 Bg7 6. 0-0 Nf6 7. c3 0-0 8. Nbd2 Bg4 9. h3 Bxf3 10. Qxf3 Rc8 11. Qe2 b5 12. Nb3 Nd7 13. Be3 a5 14. a4 Qb6 15. axb5 Qxb5 16. Nc1 Rb8 17. Ra2 a4 18. Qc2 Rfc8 19. Rd1 Nd4 20. Qxa4 Qxa4 21. Rxa4 Nc2 22. Ra2 Nxe3 23. fxe3 Ra8 24. Rd2 Rxa2 25. Nxa2 Ra8 26. Nc1 Ne5 27. Kf2 Ra1 28. Nb3 Rb1 29. Bf1 Bh6 30. d4 cxd4 31. cxd4 Nc6 32. Bc4 Rh1 33. h4 e5 34. d5 Ne7 35. Kf3 f5 36. Bd3 fxe4+ 37. Bxe4 Nf5 38. Re2 Rf1+ 39. Kg2 Rd1 40. Kf2 Ne7 41. Nd2 Rc1 42. Nb1 Rc4 43. Nc3 Rb4 44. g4 Kf7 45. Ke1 Nc8 46. Kd1 Nb6 47. g5 Bf8 48. Kc1 Na4 49. Rf2+ Kg7 50. Bd3 Nxc3 51. bxc3 Rxh4 52. Rg2 Be7 53. Be2 Rh1+ 54. Kd2 Ra1 55. Kd3 Ra2 56. Rg4 Bd8 57. c4 Bb6 58. Rg3 Ra3+ 59. Ke4 Bc5 60. Bg4 Rc3 61. Be2 Rc1 62. Kd3 Rh1 63. Bg4 Rh4 64. Bf3 Bb6 65. Bd1 Rh1 66. Bg4 Rf1 67. Ke4 Bd8 68. c5 dxc5 69. Kxe5 Bxg5 70. Bh3 Bf6+ 71. Kd6 Rc1 72. e4 Re1 73. Bg2 c4 74. Ra3 c3 75. Ra7+ Kh6 76. Rc7 Re2 77. Ke6 Bg5 78. Bf3 Re3 79. Bg2 Re2 80. Bf3 Re3 1/2-1/2

[Event "UKR-ch qual"]
[Site "Alushta"]
[Date "2007.05.16"]
[Round "6"]
[White "Shagbazyan, Taron"]
[Black "Kaliuzhny, Andrey"]
[Result "0-1"]
[WhiteElo "2076"]
[BlackElo "2204"]
[PlyCount "80"]
[EventDate "2007.05.11"]
[EventType "swiss"]
[EventRounds "9"]
[EventCountry "UKR"]
[SourceTitle "EXT 2008"]
[Source "ChessBase"]
[SourceDate "2007.11.25"]
[SourceVersion "1"]
[SourceVersionDate "2007.11.25"]
[SourceQuality "1"]

1. e4 e5 2. Nf3 Qe7 3. Bc4 h6 4. Nc3 Nf6 5. d3 d6 6. h3 c6 7. Be3 g5 8. Qd2 Bg7 9. g4 Be6 10. Bxe6 fxe6 11. 0-0-0 Nbd7 12. d4 exd4 13. Bxd4 Rd8 14. h4 c5 15. Be3 Nxg4 16. hxg5 Nxe3 17. Qxe3 hxg5 18. Rxh8+ Bxh8 19. Rh1 Bf6 20. Nd2 Ne5 21. Qe2 Kd7 22. Nf1 Kc8 23. Ne3 Nc6 24. Qc4 Kb8 25. Rd1 a6 26. Ng4 Ne5 27. Nxe5 Bxe5 28. Kb1 Qf6 29. Na4 b5 30. Qb3 Kc7 31. Nc3 Bxc3 32. bxc3 a5 33. Rh1 a4 34. Qa3 Rb8 35. Rh7+ Kc6 36. Qc1 b4 37. Ra7 bxc3+ 38. Ka1 Qd4 39. Qf1 Rb6 40. Qh1 Qb4 0-1

[Event "UKR-chT 14th"]
[Site "Alushta"]
[Date "2007.04.28"]
[Round "9.1"]
[White "Voronov, Yuri"]
[Black "Kaliuzhny, Andrey"]
[Result "1/2-1/2"]
[WhiteElo "2228"]
[BlackElo "2220"]
[PlyCount "121"]
[EventDate "2007.04.22"]
[EventType "team-tourn"]
[EventRounds "9"]
[EventCountry "UKR"]
[SourceTitle "EXT 2019"]
[Source "ChessBase"]
[SourceDate "2018.10.10"]
[SourceVersion "1"]
[SourceVersionDate "2018.10.10"]
[SourceQuality "1"]
[WhiteTeam "Cherkasy Etiud"]
[BlackTeam "Pavlograd Tura"]
[WhiteTeamCountry "UKR"]
[BlackTeamCountry "UKR"]

1. c4 e5 2. Nc3 Nf6 3. g3 d5 4. cxd5 Nxd5 5. Bg2 Nb6 6. Nf3 Nc6 7. a3 Be6 8. d3 Be7 9. 0-0 0-0 10. b4 a6 11. Ne4 Nd7 12. Qc2 f6 13. Be3 Qe8 14. Rac1 Qf7 15. Qb2 Rfd8 16. Nc5 Nxc5 17. Bxc5 Rd7 18. Bxe7 Nxe7 19. d4 e4 20. Nd2 f5 21. e3 Nd5 22. Nc4 Qh5 23. Ne5 Rd6 24. Rce1 Nb6 25. Qc2 Nc4 26. Nxc4 Rc6 27. Rc1 Bxc4 28. Rfe1 Bd5 29. Qd1 Qf7 30. Rxc6 Bxc6 31. Qc2 a5 32. Bf1 axb4 33. axb4 Bd5 34. Rc1 c6 35. Qc5 b5 36. h4 h6 37. Bh3 Qf6 38. Bf1 Rd8 39. h5 Qe6 40. Qc3 f4 41. exf4 Qg4 42. Re1 Qxh5 43. Bg2 Qg6 44. Qb2 Re8 45. Re3 Kf8 46. Qe2 Re6 47. Kh2 Qe8 48. f5 Re7 49. Kg1 Qa8 50. Bxe4 Qa1+ 51. Kh2 Qxd4 52. Bxd5 Rxe3 53. fxe3 Qxd5 54. e4 Qe5 55. Kh3 Kg8 56. Qd3 Qe7 57. Qd4 Qg5 58. Qd3 h5 59. Qf3 Qe7 60. Qxh5 Qxe4 61. Qg6 1/2-1/2

[Event "UKR-chT 14th"]
[Site "Alushta"]
[Date "2007.04.24"]
[Round "4.4"]
[White "Arutyunova, Diana"]
[Black "Kaliuzhny, Andrey"]
[Result "1-0"]
[WhiteElo "2220"]
[BlackElo "2204"]
[PlyCount "99"]
[EventDate "2007.04.22"]
[EventType "team-tourn"]
[EventRounds "9"]
[EventCountry "UKR"]
[SourceTitle "EXT 2019"]
[Source "ChessBase"]
[SourceDate "2018.10.10"]
[SourceVersion "1"]
[SourceVersionDate "2018.10.10"]
[SourceQuality "1"]
[WhiteTeam "Simferopol Taurida National Univ"]
[BlackTeam "Pavlograd Tura"]
[WhiteTeamCountry "UKR"]
[BlackTeamCountry "UKR"]

1. e4 g6 2. d4 Bg7 3. Nc3 d6 4. Be3 Nf6 5. f3 c6 6. Qd2 b5 7. h4 h5 8. Nh3 Nbd7 9. Ng5 Nb6 10. Bd3 Nc4 11. Bxc4 bxc4 12. Qe2 d5 13. Bf4 Nh7 14. Nxh7 Rxh7 15. 0-0-0 Qa5 16. Rhe1 Be6 17. Qf2 Bh6 18. Bxh6 Rxh6 19. exd5 cxd5 20. Rxe6 fxe6 21. Qe3 g5 22. Qxg5 Rh8 23. Qg6+ Kd7 24. Re1 Qa6 25. Re5 Qc6 26. Nxd5 Qxd5 27. Rxd5+ exd5 28. Qf7 Kd6 29. Qf4+ Kd7 30. Qe5 e6 31. f4 Rhf8 32. g3 Rf5 33. Qg7+ Kd6 34. Qb7 Rff8 35. f5 exf5 36. Qb4+ Ke6 37. Qe1+ Kf6 38. Qe5+ Kg6 39. Qxd5 Rac8 40. Qe6+ Kg7 41. Qd7+ Kg6 42. Qxa7 c3 43. bxc3 Rxc3 44. Qe7 Rf6 45. d5 Rxg3 46. d6 Rg1+ 47. Kd2 Rg4 48. Kc3 Re4 49. Qd8 Re3+ 50. Kb2 1-0

[Event "UKR-ch sf"]
[Site "Alushta"]
[Date "2006.05.20"]
[Round "8"]
[White "Babiy, Olga"]
[Black "Kaliuzhny, Andrey"]
[Result "1-0"]
[WhiteElo "2128"]
[BlackElo "2238"]
[PlyCount "99"]
[EventDate "2006.05.13"]
[EventType "swiss"]
[EventRounds "9"]
[EventCountry "UKR"]
[SourceTitle "CBM 112 Extra"]
[Source "ChessBase"]
[SourceDate "2006.07.14"]
[SourceVersion "1"]
[SourceVersionDate "2006.07.14"]
[SourceQuality "1"]

1. e4 d5 2. exd5 Qxd5 3. Nf3 Nf6 4. d4 Bg4 5. Be2 e6 6. 0-0 Nc6 7. c4 Qd7 8. Be3 Be7 9. Nc3 0-0 10. Qd2 Bb4 11. Rad1 Rad8 12. Rfe1 Qc8 13. Qc1 Bh5 14. a3 Be7 15. b4 b6 16. Ne5 Nb8 17. Bxh5 Nxh5 18. f4 c5 19. bxc5 bxc5 20. d5 g6 21. Nb5 Qa6 22. d6 Bxd6 23. Nxd6 Rxd6 24. Bxc5 Rxd1 25. Rxd1 Rc8 26. Qe3 Qb7 27. Bd4 f5 28. Nf3 Qe4 29. Ng5 Qxe3+ 30. Bxe3 h6 31. Nf3 Nc6 32. Rd7 Nf6 33. Rd6 Ne4 34. Rxe6 Rb8 35. h4 Na5 36. Ne5 g5 37. hxg5 hxg5 38. fxg5 Rb3 39. Re8+ Kg7 40. Bd4 Nxg5 41. Nc6+ Kf7 42. Re7+ Kf8 43. Bg7+ Kg8 44. Nxa5 Rxa3 45. Nc6 Ra4 46. Ne5 Ra1+ 47. Kh2 a5 48. Ng6 Rc1 49. Bb2 Nf3+ 50. Kg3 1-0

[Event "UKR-chT 13th"]
[Site "Alushta"]
[Date "2006.04.23"]
[Round "9.1"]
[White "Kaliuzhny, Andrey"]
[Black "Kazakov, Mikhail"]
[Result "1/2-1/2"]
[WhiteElo "2238"]
[BlackElo "2474"]
[PlyCount "104"]
[EventDate "2006.04.15"]
[EventType "team-tourn"]
[EventRounds "9"]
[EventCountry "UKR"]
[SourceTitle "EXT 2019"]
[Source "ChessBase"]
[SourceDate "2018.10.10"]
[SourceVersion "1"]
[SourceVersionDate "2018.10.10"]
[SourceQuality "1"]
[WhiteTeam "Pavlograd Tura"]
[BlackTeam "Lwiw Ivan Franko University"]
[WhiteTeamCountry "UKR"]
[BlackTeamCountry "UKR"]

1. c4 e5 2. Nc3 Nf6 3. g3 d5 4. cxd5 Nxd5 5. Bg2 Nb6 6. Nf3 Nc6 7. 0-0 Be7 8. b3 0-0 9. Bb2 f5 10. d3 Bf6 11. e4 f4 12. Nd5 Bg4 13. h3 Bh5 14. g4 Bf7 15. Nxf6+ Qxf6 16. d4 Nxd4 17. Nxe5 c5 18. Bxd4 cxd4 19. Qxd4 Rad8 20. Qc5 Bd5 21. exd5 Qxe5 22. Rfe1 Qf6 23. Bf3 Rd6 24. a4 Rc8 25. Qb4 Nd7 26. Rac1 Rd8 27. Qe4 Nf8 28. Rc7 R6d7 29. Rec1 Qd6 30. Rxd7 Rxd7 31. Rc8 Re7 32. Qf5 Re1+ 33. Kg2 g6 34. Qg5 Re7 35. Rc4 Rf7 36. Re4 Kg7 37. Re8 Rd7 38. Qe5+ Qxe5 39. Rxe5 Kf6 40. Re8 Kf7 41. Re4 g5 42. h4 Ng6 43. hxg5 Rxd5 44. Rb4 Nh4+ 45. Kh3 Nxf3 46. Rxf4+ Kg6 47. Rxf3 Kxg5 48. Re3 h5 49. gxh5 Kxh5 50. Rg3 a5 51. Kg2 b5 52. axb5 Rxb5 1/2-1/2

[Event "UKR-chT 13th"]
[Site "Alushta"]
[Date "2006.04.20"]
[Round "6.1"]
[White "Alexikov, Alexander"]
[Black "Kaliuzhny, Andrey"]
[Result "1-0"]
[WhiteElo "2404"]
[BlackElo "2238"]
[PlyCount "97"]
[EventDate "2006.04.15"]
[EventType "team-tourn"]
[EventRounds "9"]
[EventCountry "UKR"]
[SourceTitle "EXT 2019"]
[Source "ChessBase"]
[SourceDate "2018.10.10"]
[SourceVersion "1"]
[SourceVersionDate "2018.10.10"]
[SourceQuality "1"]
[WhiteTeam "Simferopol Taurida National Univ"]
[BlackTeam "Pavlograd Tura"]
[WhiteTeamCountry "UKR"]
[BlackTeamCountry "UKR"]

1. e4 d6 2. d4 Nf6 3. Nc3 g6 4. f4 Bg7 5. Nf3 0-0 6. Bd3 Bg4 7. e5 dxe5 8. dxe5 Nd5 9. Bd2 Qd7 10. h3 Nxc3 11. Bxc3 Bf5 12. Kf2 Bh6 13. g3 c5 14. h4 Bxd3 15. Qxd3 Qxd3 16. cxd3 Rd8 17. h5 Bg7 18. d4 cxd4 19. Nxd4 Na6 20. hxg6 hxg6 21. Nf3 Nc5 22. Bd4 Ne4+ 23. Kg2 Nd2 24. Rhd1 Nxf3 25. Kxf3 e6 26. Be3 f6 27. exf6 Bxf6 28. Ke4 Kf7 29. Rac1 Rxd1 30. Rxd1 Ke8 31. b3 Rc8 32. Bxa7 Ra8 33. Bd4 Bxd4 34. Rxd4 Rxa2 35. Rb4 Rg2 36. Kf3 Rb2 37. Rxb7 Kd8 38. Kg4 Kc8 39. Rb4 Kd7 40. Kg5 Rg2 41. Rd4+ Ke7 42. Rd3 Kf7 43. Rc3 Rg1 44. g4 Rg2 45. b4 Ke7 46. Rb3 Kf7 47. b5 Rd2 48. b6 Rd5+ 49. f5 1-0

[Event "UKR-chT 12th"]
[Site "Alushta"]
[Date "2005.04.12"]
[Round "7.3"]
[White "Kaliuzhny, Andrey"]
[Black "Firman, Nazar"]
[Result "0-1"]
[WhiteElo "2218"]
[BlackElo "2471"]
[PlyCount "147"]
[EventDate "2005.04.07"]
[EventType "team-tourn"]
[EventRounds "9"]
[EventCountry "UKR"]
[SourceTitle "EXT 2019"]
[Source "ChessBase"]
[SourceDate "2018.10.10"]
[SourceVersion "1"]
[SourceVersionDate "2018.10.10"]
[SourceQuality "1"]
[WhiteTeam "Lozova Chess Club"]
[BlackTeam "Lwiw Ivan Franko University"]
[WhiteTeamCountry "UKR"]
[BlackTeamCountry "UKR"]

1. d4 Nf6 2. Nf3 e6 3. c4 c5 4. e3 Be7 5. Be2 0-0 6. 0-0 d6 7. Nc3 Nbd7 8. dxc5 Nxc5 9. Qc2 b6 10. b4 Na6 11. a3 Bb7 12. Bb2 Qd7 13. Rfd1 Rfc8 14. Rd4 Qe8 15. Rad1 Nc7 16. Qb1 a5 17. b5 e5 18. R4d2 Ne6 19. Na4 Be4 20. Qa1 Rab8 21. Rxd6 Bxd6 22. Rxd6 Bxf3 23. Bxf3 Rxc4 24. Nxb6 Rc2 25. Rc6 Rxc6 26. Bxc6 Qe7 27. Nc4 Qc5 28. Nxe5 Rd8 29. Nf3 Rd3 30. Ne1 Rb3 31. h3 a4 32. Kh2 Qd6+ 33. Kg1 Qd2 34. Be5 Nd7 35. Bg3 Nb6 36. Nf3 Qc3 37. Qxc3 Rxc3 38. Bd6 Rd3 39. Bb4 Nc4 40. Be4 Rd1+ 41. Kh2 Ra1 42. Bc2 Nxa3 43. b6 Nd8 44. Be4 Nc4 45. Be7 a3 46. Bxd8 a2 47. Bd5 Rb1 48. Bxc4 a1Q 49. Bd5 h5 50. h4 Rh1+ 51. Kg3 Qa4 52. Ne5 Qa5 53. Bxf7+ Kf8 54. Bc7 g5 55. Bd6+ Kg7 56. b7 gxh4+ 57. Kf3 Rb1 58. b8Q Rxb8 59. Bxb8 Qa8+ 60. Ke2 Qxb8 61. f4 Qb2+ 62. Kf3 Qc1 63. Ke2 Qc2+ 64. Kf1 Qd1+ 65. Kf2 Qd2+ 66. Kf1 Qxe3 67. Be6 Qxf4+ 68. Nf3 Qc1+ 69. Ne1 Kf6 70. Bh3 Ke5 71. Ke2 Qc4+ 72. Kf2 Kf4 73. Nf3 Qc2+ 74. Kg1 0-1

[Event "UKR-chT 11th"]
[Site "Alushta"]
[Date "2004.05.22"]
[Round "7.2"]
[White "Efimenko, Zahar"]
[Black "Kaliuzhny, Andrey"]
[Result "1-0"]
[WhiteElo "2566"]
[BlackElo "2213"]
[PlyCount "56"]
[EventDate "2004.05.15"]
[EventType "team-tourn"]
[EventRounds "7"]
[EventCountry "UKR"]
[SourceTitle "EXT 2019"]
[Source "ChessBase"]
[SourceDate "2018.10.10"]
[SourceVersion "1"]
[SourceVersionDate "2018.10.10"]
[SourceQuality "1"]
[WhiteTeam "Kramatorsk Momot"]
[BlackTeam "Lozova Chess Club"]
[WhiteTeamCountry "UKR"]
[BlackTeamCountry "UKR"]

1. e4 d6 2. d4 Nf6 3. Nc3 g6 4. Be3 Bg7 5. Nf3 c6 6. h3 0-0 7. Qd2 b5 8. Bd3 Nbd7 9. 0-0 e5 10. dxe5 Nxe5 11. Nxe5 dxe5 12. Bc5 Re8 13. a4 Nd7 14. Be3 b4 15. Ne2 a5 16. c3 Rb8 17. cxb4 Rxb4 18. Qc2 Nf8 19. Rfd1 Ne6 20. Qxc6 Bd7 21. Qc2 Qb8 22. Bc4 Rxb2 23. Qc3 Rc8 24. Rxd7 Rxe2 25. Rad1 Bf6 26. Qd3 Rb2 27. Rxf7 Rxc4 28. Rxf6 Qe8 1-0

[Event "UKR-chT 11th"]
[Site "Alushta"]
[Date "2004.05.15"]
[Round "1.2"]
[White "Kaliuzhny, Andrey"]
[Black "Firman, Nazar"]
[Result "1/2-1/2"]
[WhiteElo "2213"]
[BlackElo "2524"]
[PlyCount "133"]
[EventDate "2004.05.15"]
[EventType "team-tourn"]
[EventRounds "7"]
[EventCountry "UKR"]
[SourceTitle "EXT 2019"]
[Source "ChessBase"]
[SourceDate "2018.10.10"]
[SourceVersion "1"]
[SourceVersionDate "2018.10.10"]
[SourceQuality "1"]
[WhiteTeam "Lozova Chess Club"]
[BlackTeam "Lwiw Ivan Franko University"]
[WhiteTeamCountry "UKR"]
[BlackTeamCountry "UKR"]

1. d4 Nf6 2. c4 e6 3. Nf3 c5 4. e3 b6 5. Be2 Bb7 6. 0-0 Be7 7. b3 d6 8. Bb2 0-0 9. Nfd2 cxd4 10. Bf3 Bxf3 11. Qxf3 d5 12. Bxd4 Nc6 13. Bb2 Rc8 14. Na3 Nb4 15. Qe2 dxc4 16. Ndxc4 Qd3 17. Qf3 Qd5 18. Rfd1 Qxf3 19. gxf3 Rc5 20. Ne5 Nc2 21. Rab1 Rxe5 22. Nxc2 Rg5+ 23. Kf1 Rh5 24. Nd4 Nd5 25. Kg2 Bf6 26. Rbc1 h6 27. Ba3 Rd8 28. f4 Nxf4+ 29. Kf3 Bxd4 30. Kxf4 Be5+ 31. Ke4 Rxd1 32. Rxd1 Bf6 33. Bd6 Bh4 34. Rd2 Rd5 35. Rxd5 exd5+ 36. Kxd5 Bxf2 37. e4 g5 38. Ke5 Kg7 39. Kf5 Bd4 40. a4 a6 41. e5 Bc5 42. a5 Bg1 43. axb6 Bxb6 44. h3 Bf2 45. Be7 Be1 46. Bc5 Bd2 47. Be7 Bc1 48. Bc5 Bb2 49. Bb4 Bd4 50. Be7 Bb6 51. Bb4 Bd8 52. Bc5 Ba5 53. Bd6 Bd2 54. Be7 a5 55. Bc5 Bb4 56. Bd4 Kf8 57. e6 fxe6+ 58. Kxe6 Bd2 59. Kf6 h5 60. Kg6 g4 61. hxg4 hxg4 62. Kf5 g3 63. Kg4 Be1 64. Kf3 Ke7 65. Bb6 Kd6 66. Bxa5 Bxa5 67. Kxg3 1/2-1/2

[Event "UKR-chT 10th"]
[Site "Alushta"]
[Date "2002.04.16"]
[Round "7"]
[White "Kaliuzhny, Andrey"]
[Black "Drozdovskij, Yuri"]
[Result "1/2-1/2"]
[WhiteElo "2229"]
[BlackElo "2449"]
[PlyCount "48"]
[EventDate "2002.04.09"]
[EventType "team-swiss"]
[EventRounds "9"]
[EventCountry "UKR"]
[SourceTitle "EXT 2019"]
[Source "ChessBase"]
[SourceDate "2018.10.10"]
[SourceVersion "1"]
[SourceVersionDate "2018.10.10"]
[SourceQuality "1"]
[WhiteTeam "Lozova Chess Club"]
[BlackTeam "Kramatorsk Grandmaster II"]
[WhiteTeamCountry "UKR"]
[BlackTeamCountry "UKR"]

1. Nf3 c5 2. g3 Nc6 3. Bg2 e5 4. e4 g6 5. 0-0 Bg7 6. c4 Nge7 7. Nc3 0-0 8. d3 d6 9. Nh4 Nd4 10. Rb1 Nec6 11. Nd5 f5 12. exf5 gxf5 13. f4 Rb8 14. fxe5 dxe5 15. Qh5 Be6 16. b4 cxb4 17. Nxb4 Nxb4 18. Rxb4 Qd7 19. Bh6 b6 20. Rb2 Rbe8 21. c5 b5 22. Rbf2 Qe7 23. c6 Rc8 24. Be3 Qd8 1/2-1/2